Pathological and physiological studies on macrophomina phaseolina the causal organism of bean charcoal rot disease (Record no. 54259)
[ view plain ]
| 000 -LEADER | |
|---|---|
| fixed length control field | 02443cab a2200325Ia 45 0 |
| 001 - CONTROL NUMBER | |
| control field | u202356 |
| 003 - CONTROL NUMBER IDENTIFIER | |
| control field | SIRSI |
| 008 - FIXED-LENGTH DATA ELEMENTS--GENERAL INFORMATION | |
| fixed length control field | 120923s2004 ua ss b eng d |
| 040 ## - CATALOGING SOURCE | |
| Original cataloging agency | EAL |
| 041 ## - LANGUAGE CODE | |
| Language code of text/sound track or separate title | eng |
| Language code of summary or abstract | ara |
| 090 ## - LOCALLY ASSIGNED LC-TYPE CALL NUMBER (OCLC); LOCAL CALL NUMBER (RLIN) | |
| Classification number (OCLC) (R) ; Classification number, CALL (RLIN) (NR) | ART ARJSU V3 NO1 16 |
| 100 1# - MAIN ENTRY--PERSONAL NAME | |
| Personal name | Ali, l.N.M. |
| 240 10 - UNIFORM TITLE | |
| Uniform title | Agricultural research journal, Suez Canal University, 2004 v.3(1) |
| Medium | [electronic resource]. |
| 245 10 - TITLE STATEMENT | |
| Title | Pathological and physiological studies on macrophomina phaseolina the causal organism of bean charcoal rot disease |
| Medium | [electronic resource]. |
| 246 15 - VARYING FORM OF TITLE | |
| Title proper/short title | دراسات مرضية وفسيولوجية على فطر ماكروفومينا فاصولينا المسبب لمرض العفن الفحمى فى الفاصوليا. |
| 300 ## - PHYSICAL DESCRIPTION | |
| Extent | p.105-114 |
| 504 ## - BIBLIOGRAPHY, ETC. NOTE | |
| Bibliography, etc. note | Includes references. |
| 520 ## - SUMMARY, ETC. | |
| Summary, etc. | Pathogenicity tests of Macrophomina phaseolina (Tassi) Goid. (pycnidial stage of Sclerotium bataticola Taub.) isolates proved that, all they were pathogenic to Xera bean cultivar. The isolate, which isolated from sweet melon roots was the most pathogenic one, followed by that isolated from bean roots and then that isolated from sesame stem. In vitro studies revealed that the most suitable degrees of temperature for the linear growth of the tested isolates ranged between 2S-35°C. On the other hand, at 15°C, the linear growth was low and differed with the different isolates. Three infested barley seeds Ibean seed as inoculum was enough to incidence the disease. Sesame was the most susceptible host followed by wheat and maize, which were moderate.. however cantaloupe was the lowest susceptible host. Fungal culture filtrates at different concentrations reduced the percentage of seed gennination and had hannful effect on rootlet length and dry weight. Enzymatic activity of the fungus (pectin methyl esterase, polygalacturonase and cel1ulase) was ,assessed in the culture filtrate andlor extract of infected bean plants. |
| 546 ## - LANGUAGE NOTE | |
| Language note | Summary in Arabic. |
| 596 ## - | |
| -- | 1 |
| 650 #0 - SUBJECT ADDED ENTRY--TOPICAL TERM | |
| Topical term or geographic name entry element | Charcoal rot. |
| 650 #0 - SUBJECT ADDED ENTRY--TOPICAL TERM | |
| Topical term or geographic name entry element | Macrophomina phaseolina. |
| 650 #0 - SUBJECT ADDED ENTRY--TOPICAL TERM | |
| Topical term or geographic name entry element | Beans |
| General subdivision | Diseases and pests |
| -- | Control. |
| 650 #0 - SUBJECT ADDED ENTRY--TOPICAL TERM | |
| Topical term or geographic name entry element | Beans |
| General subdivision | Diseases and pests |
| -- | Biological control. |
| 700 1# - ADDED ENTRY--PERSONAL NAME | |
| Personal name | Ghonim, M. I. |
| 700 1# - ADDED ENTRY--PERSONAL NAME | |
| Personal name | Abdel-Nabi, Reba M. |
| 700 1# - ADDED ENTRY--PERSONAL NAME | |
| Personal name | Ahmed, M. I. |
| 773 0# - HOST ITEM ENTRY | |
| Title | Agricultural Research Journal, Suez Canal University. |
| Related parts | 2004 v.3(1) |
| International Standard Serial Number | 1687-1049 |
| Control subfield | nnas |
| Record control number | u158531 |
| 856 40 - ELECTRONIC LOCATION AND ACCESS | |
| Uniform Resource Identifier | <a href="http://nile.enal.sci.eg/EALE/2004/ARJSU/304/1/105.pdf">http://nile.enal.sci.eg/EALE/2004/ARJSU/304/1/105.pdf</a> |
| Public note | Full Text Article. |
| 942 ## - ADDED ENTRY ELEMENTS (KOHA) | |
| Koha item type | Articles |
| Source of classification or shelving scheme | Library of Congress Classification |
No items available.